1849 1436 1555 1101 1499 1933 1371 1180 1476 1939 1145 1789 1081 1046 1989 1710 1183 1353 1153 1754 1689 1889 1323 1458 1450 1866 1743 1087 1719 1915 1190 1544 1771 1112 1351 1576 1551 1098 1535 1673 1953 1580 1192 1521 1802 1618 1060 1367 1057 1756 1345 1448 1797 1771 1103 1316 1982 1753 1565 1085 1710 1358 1864 1602 1204 1330 1690 1445 1325 1818 1660 1484 1031 1816 1510 1962 1603 1990 1045 1388 1949 1799 1496 1124 1461 1249 1077 1762 1970 1704 1478 1698 1987 1548 1278 1281 1655 1866 1325 BCNSPRNW ULIB Ver.6.0+V

เปลี่ยนเป็นภาษาไทย

Change to English
 แสดงรายละเอียดบรรณานุกรม
  กลับหน้าหลัก

Brief Record : Get Marc (ISO 2709) : E-mail record : QR code < ปิดหน้าต่าง
LEADER : 00000nam 2200000uu 4500
001    13399120736
003     ULIB
008    121005s2553||||th 000 0 tha d
020    ^a9786165000420
090    ^aนว^bค472ร 2553
100 0  ^aคีตฌาณ์
245 0  ^aรักเพียงฝัน /^cคีตฌาณ์
260    ^aกรุงเทพฯ :^bพิมพ์คำ,^c2553
300    ^a372 หน้า ;^c18 ซม.
650  4 ^aนวนิยายไทย
945    ^p0^l0^i028024
995    ^aกัณชพร
999    ^aใช้งานได้ทุกระบบ
รายการนี้ยังไม่มีแท็ก
คุณยังไม่ได้ล็อกอิน คุณสามารถมีกิจกรรมร่วมกับเว็บไซต์ได้ แต่ต้องล็อกอินก่อน ::
  ล็อกอิน

รายการสื่อสารสนเทศ

ลำดับที่ ประเภท เลขเรียก/บาร์โค้ด สถานที่ สถานะ
1. นวนิยาย
นวนิยาย
นว ค472ร 2553  
  Barcode: 028024
ห้องสมุดวิทยาเขตสวรรค์ประชารักษ์
►หนังสือทั่วไป
บนชั้น

รายการใกล้เคียง
    ผู้แต่ง [คีตฌาณ์]

    หัวเรื่อง [นวนิยายไทย]

BibComment


ยังไม่เคยถูกคอมเมนท์

คอมเมนท์ทรัพยากรรายการนี้
  คอมเมนท์: รักเพียงฝัน คีต..


 Copyright 2026. Bcnsprnw @Library